[Event "GBR-ch90"]
[Site "Edinburgh"]
[Date "2003.07.23"]
[Round "3.29"]
[White "Gwaze, Robert"]
[Black "Taylor, Robert M"]
[Result "1-0"]
[WhiteElo "2335"]
[BlackElo "2169"]
[PlyCount "157"]
[EventDate "2003.07.21"]
[EventType "swiss"]
[EventRounds "11"]
[EventCountry "GBR"]
[SourceTitle "BritBase"]
[Source "John Saunders"]
[SourceDate "2008.07.14"]
[SourceVersion "1"]
[SourceVersionDate "2008.07.14"]
[SourceQuality "2"]

1. e4 c6 2. d4 d5 3. Nc3 dxe4 4. Nxe4 Nd7 5. Nf3 Ngf6 6. Ned2 c5 7. c3 e6 8.
Bd3 Be7 9. O-O O-O 10. Qe2 b6 11. Nc4 Ba6 12. a4 Rc8 13. a5 bxa5 14. Nxa5 Bxd3
15. Qxd3 cxd4 16. Nxd4 Ne5 17. Qe2 Qd5 18. Rd1 Ng6 19. Ndc6 Qf5 20. Nxa7 Rc7
21. Nb5 Rc5 22. Nd4 Qd5 23. Ndb3 Qe5 24. Qxe5 Rxe5 25. Nc6 Rb5 26. Nbd4 Rb7 27.
Nxe7+ Nxe7 28. Nc2 h6 29. Nb4 Rc8 30. Kf1 Nf5 31. Bf4 g5 32. Bd2 Kg7 33. Be1
Ne4 34. Ke2 g4 35. f3 gxf3+ 36. Kxf3 Ng5+ 37. Ke2 Rc4 38. Bf2 Re4+ 39. Kf1 Rf4
40. g3 Ne3+ 41. Ke2 Nxd1 42. Rxd1 Rbxb4 43. cxb4 Rxb4 44. Bd4+ Kg6 45. Bc3 Rb3
46. Rd4 f6 47. Rb4 Rxb4 48. Bxb4 Kf5 49. Bd2 Nf7 50. b4 h5 51. b5 Nd6 52. b6
Ke4 53. Kf2 e5 54. Kg2 Kf5 55. Bb4 Nb7 56. Kf3 Nd8 57. Ke3 Ke6 58. Kd3 Nc6 59.
Bf8 Kd5 60. Ke3 Na5 61. Kf3 f5 62. Kg2 Kc6 63. Kh3 f4 64. g4 hxg4+ 65. Kxg4 Nc4
66. Bc5 Nb2 67. h4 Nd3 68. Bg1 e4 69. Bd4 f3 70. Kg3 Nc1 71. Be3 Ne2+ 72. Kg4
Nc3 73. Bd4 Nd5 74. h5 f2 75. Bxf2 e3 76. Bxe3 Nxe3+ 77. Kg5 Nc4 78. h6 Nd6 79.
Kg6 1-0

[Event "GBR-ch90"]
[Site "Edinburgh"]
[Date "2003.07.23"]
[Round "3.30"]
[White "Redpath, Joseph"]
[Black "Webb, Laurence"]
[Result "1/2-1/2"]
[WhiteElo "2194"]
[BlackElo "2325"]
[PlyCount "51"]
[EventDate "2003.07.21"]
[EventType "swiss"]
[EventRounds "11"]
[EventCountry "GBR"]
[SourceTitle "BritBase"]
[Source "John Saunders"]
[SourceDate "2008.07.14"]
[SourceVersion "1"]
[SourceVersionDate "2008.07.14"]
[SourceQuality "2"]

1. d4 d5 2. Nf3 c6 3. c4 Bf5 4. cxd5 Bxb1 5. Rxb1 Qxd5 6. Qa4 e6 7. Bd2 Nd7 8.
e3 Ngf6 9. Qc4 Bd6 10. Qxd5 cxd5 11. Bd3 Rc8 12. Ke2 Ne4 13. Rhc1 Ke7 14. Rxc8
Rxc8 15. Rc1 Rxc1 16. Bxc1 f5 17. h3 h6 18. Nd2 Ndf6 19. Nf1 Bc7 20. Bd2 a6 21.
f3 Ng3+ 22. Nxg3 Bxg3 23. Bb4+ Kf7 24. f4 Ne4 25. Bxe4 dxe4 26. Be1 1/2-1/2

[Event "GBR-ch90"]
[Site "Edinburgh"]
[Date "2003.07.23"]
[Round "3.31"]
[White "Walton, Colin"]
[Black "Mohota, Nisha"]
[Result "0-1"]
[WhiteElo "2135"]
[BlackElo "2321"]
[PlyCount "74"]
[EventDate "2003.07.21"]
[EventType "swiss"]
[EventRounds "11"]
[EventCountry "GBR"]
[SourceTitle "BritBase"]
[Source "John Saunders"]
[SourceDate "2008.07.14"]
[SourceVersion "1"]
[SourceVersionDate "2008.07.14"]
[SourceQuality "2"]

1. e4 c5 2. Nc3 Nc6 3. g3 g6 4. Bg2 Bg7 5. d3 e6 6. Be3 d6 7. Qd2 Qa5 8. Nge2
Nd4 9. O-O Ne7 10. Kh1 Nxe2 11. Qxe2 Nc6 12. Qd2 Nd4 13. Bf4 Qb6 14. Nd1 e5 15.
Be3 O-O 16. c3 Nc6 17. Bh6 Be6 18. Bxg7 Kxg7 19. f4 f5 20. exf5 Bxf5 21. Ne3
Be6 22. f5 gxf5 23. Bh3 Ne7 24. Nxf5+ Nxf5 25. Qg5+ Kh8 26. Bxf5 Bd5+ 27. Be4
Bxe4+ 28. dxe4 Qxb2 29. Qe7 Rf2 30. Rxf2 Qxf2 31. Qxd6 Re8 32. Qd5 Qf3+ 33. Kg1
Qxc3 34. Rd1 Rf8 35. Kg2 c4 36. Kh3 Qf3 37. Qxe5+ Qf6 0-1

[Event "GBR-ch90"]
[Site "Edinburgh"]
[Date "2003.07.23"]
[Round "3.32"]
[White "Eggleston, David"]
[Black "Pritchett, Craig"]
[Result "0-1"]
[WhiteElo "2094"]
[BlackElo "2314"]
[PlyCount "98"]
[EventDate "2003.07.21"]
[EventType "swiss"]
[EventRounds "11"]
[EventCountry "GBR"]
[SourceTitle "BritBase"]
[Source "John Saunders"]
[SourceDate "2008.07.14"]
[SourceVersion "1"]
[SourceVersionDate "2008.07.14"]
[SourceQuality "2"]

1. e4 c5 2. Nf3 e6 3. d4 cxd4 4. Nxd4 a6 5. Nc3 Qc7 6. g3 Bb4 7. Bd2 Nc6 8.
Nxc6 dxc6 9. Bg2 e5 10. O-O Be7 11. f4 Nf6 12. f5 Qb6+ 13. Kh1 Qxb2 14. Rb1 Qa3
15. Rb3 Qd6 16. Na4 b5 17. Nb6 Rb8 18. Rd3 Qc7 19. Nxc8 Rxc8 20. Bc3 Rd8 21.
Qa1 Rxd3 22. cxd3 Nd7 23. d4 Bf6 24. Rc1 O-O 25. a4 exd4 26. Bxd4 Bxd4 27. Qxd4
Ne5 28. Bf1 Rd8 29. Qc5 Qb8 30. axb5 axb5 31. Ra1 h6 32. Qc1 Qd6 33. Qf4 Qd4
34. Rc1 b4 35. f6 gxf6 36. Qxh6 b3 37. Qf4 b2 38. Rb1 c5 39. h4 c4 40. Qxf6
Qxe4+ 41. Kg1 Nf3+ 42. Kh1 Rd2 43. Rxb2 Nxh4+ 44. Kg1 Nf3+ 45. Qxf3 Qd4+ 46.
Kh1 Qh8+ 47. Bh3 Qxh3+ 48. Kg1 Rxb2 49. Qa8+ Kg7 0-1

[Event "GBR-ch90"]
[Site "Edinburgh"]
[Date "2003.07.23"]
[Round "3.33"]
[White "Ghasi, Ameet"]
[Black "Williams, Samuel G"]
[Result "1/2-1/2"]
[WhiteElo "2305"]
[BlackElo "2150"]
[PlyCount "26"]
[EventDate "2003.07.21"]
[EventType "swiss"]
[EventRounds "11"]
[EventCountry "GBR"]
[SourceTitle "BritBase"]
[Source "John Saunders"]
[SourceDate "2008.07.14"]
[SourceVersion "1"]
[SourceVersionDate "2008.07.14"]
[SourceQuality "2"]

1. Nf3 d6 2. g3 e5 3. Bg2 f5 4. O-O Nf6 5. c4 Be7 6. Nc3 Nc6 7. a3 O-O 8. b4
Qe8 9. b5 Nd8 10. d4 e4 11. Ne1 Qf7 12. Qb3 Ne6 13. Qd1 Nd8 1/2-1/2

[Event "GBR-ch90"]
[Site "Edinburgh"]
[Date "2003.07.23"]
[Round "3.34"]
[White "Greet, Andrew"]
[Black "Mitchell, Martin"]
[Result "1-0"]
[WhiteElo "2297"]
[BlackElo "2132"]
[PlyCount "91"]
[EventDate "2003.07.21"]
[EventType "swiss"]
[EventRounds "11"]
[EventCountry "GBR"]
[SourceTitle "BritBase"]
[Source "John Saunders"]
[SourceDate "2008.07.14"]
[SourceVersion "1"]
[SourceVersionDate "2008.07.14"]
[SourceQuality "2"]

1. d4 Nf6 2. c4 g6 3. g3 Bg7 4. Bg2 O-O 5. Nf3 d6 6. O-O c6 7. Nc3 Qa5 8. e4
Bg4 9. h3 Bxf3 10. Bxf3 Nfd7 11. Be3 Qb4 12. Qb3 Na6 13. Rfd1 Rac8 14. Be2 Nb6
15. c5 Nd7 16. Bxa6 Qxb3 17. axb3 bxa6 18. Rxa6 Rfd8 19. cxd6 exd6 20. Rda1 c5
21. Rxd6 Bf8 22. Rd5 cxd4 23. Bxd4 Nb6 24. Rxd8 Rxd8 25. Be3 Nc8 26. Nd5 Bg7
27. Bxa7 f5 28. Bc5 fxe4 29. Nc3 Kf7 30. Rd1 Rxd1+ 31. Nxd1 Ke6 32. Nc3 Nd6 33.
Bxd6 Kxd6 34. b4 Kc6 35. Kf1 Bd4 36. Ke2 Kb6 37. g4 Kc6 38. Nxe4 Bxb2 39. Nc5
Bc3 40. Nd3 Bd4 41. f4 Kd5 42. Kf3 Ba7 43. Ne5 g5 44. Nd7 gxf4 45. Nf6+ Kc4 46.
Nxh7 1-0

[Event "GBR-ch90"]
[Site "Edinburgh"]
[Date "2003.07.23"]
[Round "3.35"]
[White "Eggleston, Thomas"]
[Black "Singh, Gurpreetpal"]
[Result "0-1"]
[WhiteElo "2040"]
[BlackElo "2293"]
[PlyCount "76"]
[EventDate "2003.07.21"]
[EventType "swiss"]
[EventRounds "11"]
[EventCountry "GBR"]
[SourceTitle "BritBase"]
[Source "John Saunders"]
[SourceDate "2008.07.14"]
[SourceVersion "1"]
[SourceVersionDate "2008.07.14"]
[SourceQuality "2"]

1. e4 e6 2. d4 d5 3. Nd2 Nf6 4. e5 Nfd7 5. f4 c5 6. Ndf3 Nc6 7. c3 cxd4 8. cxd4
Qb6 9. Ne2 f6 10. a3 Be7 11. h4 O-O 12. Rh3 Rf7 13. Qc2 Nf8 14. Be3 Bd7 15. Nc3
Rc8 16. Bd3 Na5 17. Rd1 Nc4 18. Bc1 Qa5 19. Bd2 Nxd2 20. Kxd2 b5 21. Rc1 b4 22.
axb4 Bxb4 23. Ke3 Be8 24. Ng1 fxe5 25. fxe5 Rfc7 26. Nge2 Bh5 27. Qd2 Nd7 28.
Nf4 Bg4 29. Rg3 Nxe5 30. Kf2 Nxd3+ 31. Qxd3 Bf5 32. Qe3 Be7 33. Kg1 Bxh4 34.
Rf3 Bg5 35. Re1 Qb4 36. Rf2 h6 37. g3 Rf7 38. Qd2 Rc4 0-1

[Event "GBR-ch90"]
[Site "Edinburgh"]
[Date "2003.07.23"]
[Round "3.36"]
[White "Sattar, Reefat Bin"]
[Black "Broomfield, Matthew"]
[Result "1/2-1/2"]
[WhiteElo "2475"]
[BlackElo "2249"]
[PlyCount "51"]
[EventDate "2003.07.21"]
[EventType "swiss"]
[EventRounds "11"]
[EventCountry "GBR"]
[SourceTitle "BritBase"]
[Source "John Saunders"]
[SourceDate "2008.07.14"]
[SourceVersion "1"]
[SourceVersionDate "2008.07.14"]
[SourceQuality "2"]

1. e4 e6 2. d4 d5 3. e5 c5 4. c3 Nc6 5. Nf3 Bd7 6. Be2 Rc8 7. O-O a6 8. Re1
Nge7 9. dxc5 Ng6 10. b4 a5 11. a3 Ncxe5 12. Nxe5 Nxe5 13. Bh5 Qf6 14. Be3 Nc6
15. Nd2 Qxc3 16. Rc1 Qxa3 17. Nc4 dxc4 18. Bxf7+ Kxf7 19. Qxd7+ Be7 20. Bg5
Rhe8 21. Rxc4 e5 22. Rh4 h6 23. Qf5+ Kg8 24. Qe6+ Kh8 25. Rxh6+ gxh6 26. Qxh6+
1/2-1/2

[Event "GBR-ch90"]
[Site "Edinburgh"]
[Date "2003.07.23"]
[Round "3.37"]
[White "Meyer, Gordon"]
[Black "Al Rakib, Abdullah"]
[Result "0-1"]
[WhiteElo "2175"]
[BlackElo "2387"]
[PlyCount "125"]
[EventDate "2003.07.21"]
[EventType "swiss"]
[EventRounds "11"]
[EventCountry "GBR"]
[SourceTitle "BritBase"]
[Source "John Saunders"]
[SourceDate "2008.07.14"]
[SourceVersion "1"]
[SourceVersionDate "2008.07.14"]
[SourceQuality "2"]

1. e4 c6 2. d4 d5 3. exd5 cxd5 4. c4 Nf6 5. Nc3 e6 6. Nf3 Be7 7. cxd5 Nxd5 8.
Bd3 Nc6 9. O-O O-O 10. Re1 Bf6 11. Be4 Nce7 12. Ne5 Nf5 13. Ng4 Bh4 14. g3 Nxc3
15. bxc3 Be7 16. Qc2 Bd7 17. Bxb7 Rb8 18. Be4 Bd6 19. f4 Qa5 20. Bd2 Ba4 21.
Qd3 Rb2 22. Re2 Bc2 23. Qe3 Bxe4 24. Qxe4 Nxd4 25. cxd4 Rxd2 26. Ne5 Rxd4 27.
Qc6 Rd5 28. Rae1 Qc5+ 29. Qxc5 Bxc5+ 30. Kg2 Rfd8 31. Nc4 g6 32. Rc1 Kg7 33.
Rcc2 h6 34. Kf3 Rd3+ 35. Kg2 R3d5 36. Kf3 Bd4 37. Ne5 Bxe5 38. fxe5 Ra5 39. Re4
Rdd5 40. Rc7 g5 41. a4 Rd3+ 42. Kg2 Rd2+ 43. Kh3 Ra2 44. Rcc4 h5 45. g4 h4 46.
Rb4 Rd5 47. Rbd4 Rxd4 48. Rxd4 a5 49. Rc4 Kg6 50. Re4 Rb2 51. Rc4 Rb4 52. Rc8
Rxa4 53. Ra8 Kg7 54. Ra7 Ra1 55. Ra8 a4 56. Ra7 Re1 57. Rxa4 Rxe5 58. Kg2 Kg6
59. Ra6 Re4 60. Kh3 f5 61. gxf5+ Kxf5 62. Ra8 Re3+ 63. Kg2 0-1

[Event "GBR-ch90"]
[Site "Edinburgh"]
[Date "2003.07.23"]
[Round "3.38"]
[White "Hanley, Craig A"]
[Black "Karavade, Eesha"]
[Result "1/2-1/2"]
[WhiteElo "2387"]
[BlackElo "2218"]
[PlyCount "146"]
[EventDate "2003.07.21"]
[EventType "swiss"]
[EventRounds "11"]
[EventCountry "GBR"]
[SourceTitle "BritBase"]
[Source "John Saunders"]
[SourceDate "2008.07.14"]
[SourceVersion "1"]
[SourceVersionDate "2008.07.14"]
[SourceQuality "2"]

1. c4 e5 2. g3 Nf6 3. Bg2 d5 4. cxd5 Nxd5 5. Nf3 Nc6 6. O-O Be7 7. d4 exd4 8.
Nxd4 Nxd4 9. Qxd4 Nf6 10. Qa4+ Nd7 11. Rd1 c6 12. e4 O-O 13. Be3 Qc7 14. h3 Nb6
15. Qc2 Be6 16. Nd2 Rad8 17. f4 f6 18. a4 a5 19. Nb3 Bb4 20. Nd4 Nc4 21. Bf2
Bf7 22. Bf1 Nd6 23. e5 fxe5 24. fxe5 Nc8 25. e6 Bg6 26. Qb3 Ne7 27. Nf3 Kh8 28.
Bg2 Nf5 29. Rxd8 Rxd8 30. Rd1 Rxd1+ 31. Qxd1 Qd6 32. Qxd6 Nxd6 33. Ne5 Bf5 34.
e7 Ne8 35. g4 Be6 36. Bb6 Bxe7 37. Bf1 Bd6 38. Bc4 Bxe5 39. Bxe6 Bxb2 40. Bxa5
Bd4+ 41. Kg2 b6 42. Bd2 Nf6 43. Kf3 c5 44. g5 Nh5 45. Ke4 g6 46. Kd5 Ng3 47.
Kc6 Ne4 48. Bf4 Nc3 49. Bb3 c4 50. Bc2 Ne2 51. Bc7 Bg7 52. Bxb6 Nd4+ 53. Bxd4
Bxd4 54. a5 Kg7 55. a6 Kf7 56. Kd5 Bg1 57. h4 c3 58. Kd6 Bf2 59. Bb3+ Kf8 60.
Ke5 Ke7 61. Bc2 Kf7 62. Kd5 Bg1 63. Bb3 Ke7 64. Kc6 Bf2 65. Kd5 Bg1 66. Ke5 Bf2
67. Ke4 Kd6 68. Kf3 Ba7 69. Bc2 Kc5 70. h5 Kb5 71. Bd3+ Ka5 72. h6 Bc5 73. Ke4
Kb6 1/2-1/2

[Event "GBR-ch90"]
[Site "Edinburgh"]
[Date "2003.07.23"]
[Round "3.39"]
[White "Goodger, Martyn"]
[Black "Lee, Graham D"]
[Result "0-1"]
[WhiteElo "2114"]
[BlackElo "2360"]
[PlyCount "82"]
[EventDate "2003.07.21"]
[EventType "swiss"]
[EventRounds "11"]
[EventCountry "GBR"]
[SourceTitle "BritBase"]
[Source "John Saunders"]
[SourceDate "2008.07.14"]
[SourceVersion "1"]
[SourceVersionDate "2008.07.14"]
[SourceQuality "2"]

1. e4 c6 2. c4 d5 3. exd5 cxd5 4. cxd5 Nf6 5. Nc3 Nxd5 6. Nf3 Nc6 7. Bb5 e6 8.
O-O Be7 9. d4 O-O 10. Re1 a6 11. Bxc6 bxc6 12. Ne5 Qc7 13. Ne4 c5 14. Nxc5 Bxc5
15. dxc5 Qxc5 16. Be3 Qb5 17. Qd4 f6 18. Nf3 e5 19. Qc5 Nxe3 20. Qxb5 axb5 21.
Rxe3 Be6 22. a3 Rfc8 23. Rd1 Kf7 24. Kf1 Rc2 25. Rd2 Rac8 26. Ree2 Rc1+ 27. Re1
e4 28. Nd4 Bc4+ 29. Ne2 Bd3 30. f3 R8c2 31. Rxc2 Rxc2 32. fxe4 Rxb2 33. Kf2
Bxe4 34. g3 Bd3 35. Ke3 Bxe2 36. Rxe2 Rxe2+ 37. Kxe2 Ke6 38. Kd3 Kd5 39. h4 g6
40. Kc3 f5 41. Kd3 h6 0-1

[Event "GBR-ch90"]
[Site "Edinburgh"]
[Date "2003.07.23"]
[Round "3.40"]
[White "Meenakshi, Subbaraman"]
[Black "Munson, Shaun D"]
[Result "0-1"]
[WhiteElo "2319"]
[BlackElo "2112"]
[PlyCount "70"]
[EventDate "2003.07.21"]
[EventType "swiss"]
[EventRounds "11"]
[EventCountry "GBR"]
[SourceTitle "BritBase"]
[Source "John Saunders"]
[SourceDate "2008.07.14"]
[SourceVersion "1"]
[SourceVersionDate "2008.07.14"]
[SourceQuality "2"]

1. d4 d5 2. c4 c6 3. Nf3 Nf6 4. Nc3 dxc4 5. a4 Na6 6. e3 Bg4 7. Bxc4 e6 8. O-O
Nb4 9. Qe2 Be7 10. Rd1 O-O 11. h3 Bh5 12. e4 Nd7 13. Be3 Qa5 14. g4 Bg6 15. Ne5
Nxe5 16. dxe5 Qxe5 17. Rd7 Bg5 18. Rad1 c5 19. Bxg5 Qxg5 20. Rxb7 h5 21. f3 Nc6
22. Qf1 hxg4 23. hxg4 Qf4 24. Ne2 Qe3+ 25. Kg2 Na5 26. Ba6 Nxb7 27. Rd3 Qg5 28.
Bxb7 Rab8 29. f4 Qe7 30. f5 Qxb7 31. Qf4 exf5 32. gxf5 Qxb2 33. Kf2 Bh5 34. Rd2
Qf6 35. e5 Qh6 0-1

[Event "GBR-ch90"]
[Site "Edinburgh"]
[Date "2003.07.23"]
[Round "3.41"]
[White "Buckley, Melanie"]
[Black "Bigg, Andrew J"]
[Result "1/2-1/2"]
[WhiteElo "2130"]
[BlackElo "2287"]
[PlyCount "30"]
[EventDate "2003.07.21"]
[EventType "swiss"]
[EventRounds "11"]
[EventCountry "GBR"]
[SourceTitle "BritBase"]
[Source "John Saunders"]
[SourceDate "2008.07.14"]
[SourceVersion "1"]
[SourceVersionDate "2008.07.14"]
[SourceQuality "2"]

1. e4 c5 2. Nc3 Nc6 3. g3 g6 4. Bg2 Bg7 5. d3 d6 6. Be3 Rb8 7. Qd2 b5 8. Nge2
Nd4 9. O-O e6 10. Nc1 b4 11. Nd1 Qa5 12. a3 a6 13. Ra2 Nc6 14. axb4 Qxb4 15. c3
Qb5 1/2-1/2

[Event "GBR-ch90"]
[Site "Edinburgh"]
[Date "2003.07.23"]
[Round "3.43"]
[White "Muir, Andrew J"]
[Black "Clarke, Thomas M"]
[Result "1-0"]
[WhiteElo "2316"]
[BlackElo "2128"]
[PlyCount "65"]
[EventDate "2003.07.21"]
[EventType "swiss"]
[EventRounds "11"]
[EventCountry "GBR"]
[SourceTitle "BritBase"]
[Source "John Saunders"]
[SourceDate "2008.07.14"]
[SourceVersion "1"]
[SourceVersionDate "2008.07.14"]
[SourceQuality "2"]

1. d4 f5 2. g3 Nf6 3. Bg2 e6 4. Nf3 Bb4+ 5. c3 Be7 6. O-O O-O 7. Nbd2 Kh8 8.
Qc2 d5 9. Ne5 c5 10. Ndf3 Nc6 11. Nxc6 bxc6 12. Ne5 Qb6 13. Bg5 Bd6 14. dxc5
Bxc5 15. Bxf6 gxf6 16. Nd3 Ba6 17. Nxc5 Qxc5 18. Rfd1 Rg8 19. e3 Rab8 20. Rac1
Rg5 21. b3 Rbg8 22. Bf3 h5 23. Rd4 Qe7 24. Ra4 Bb5 25. Rh4 Qh7 26. c4 Ba6 27.
cxd5 cxd5 28. Qd1 Rc8 29. Rxc8+ Bxc8 30. Bxh5 Qc7 31. f4 Qc3 32. fxg5 Qxe3+ 33.
Kg2 1-0

[Event "GBR-ch90"]
[Site "Edinburgh"]
[Date "2003.07.23"]
[Round "3.44"]
[White "Waters, Clive L"]
[Black "Coleman, James"]
[Result "1/2-1/2"]
[WhiteElo "2111"]
[BlackElo "2211"]
[PlyCount "86"]
[EventDate "2003.07.21"]
[EventType "swiss"]
[EventRounds "11"]
[EventCountry "GBR"]
[SourceTitle "BritBase"]
[Source "John Saunders"]
[SourceDate "2008.07.14"]
[SourceVersion "1"]
[SourceVersionDate "2008.07.14"]
[SourceQuality "2"]

1. d4 Nf6 2. Nf3 g6 3. c4 Bg7 4. Nc3 d5 5. cxd5 Nxd5 6. Qb3 Nxc3 7. bxc3 O-O 8.
e3 c5 9. Ba3 Nd7 10. Be2 b6 11. O-O Bb7 12. Rac1 Qc7 13. d5 Nf6 14. c4 Ne4 15.
Bb2 Bxb2 16. Qxb2 Rad8 17. Bd3 Nd6 18. e4 Bc8 19. Rfe1 f6 20. h4 e5 21. dxe6
Bxe6 22. e5 fxe5 23. Ng5 Bg4 24. Qxe5 Rde8 25. Qd5+ Nf7 26. Rxe8 Rxe8 27. f3
Bc8 28. Be4 Rd8 29. Qxf7+ Qxf7 30. Nxf7 Kxf7 31. Rc3 Be6 32. h5 Rd4 33. hxg6+
hxg6 34. Bd3 Kf6 35. Kf2 Bf5 36. Be2 Rd2 37. a3 Ke5 38. Ke3 Rd4 39. g3 g5 40.
Rc1 Be6 41. Rc3 Bf7 42. Rc1 Be6 43. Rc3 Bf7 1/2-1/2

[Event "GBR-ch90"]
[Site "Edinburgh"]
[Date "2003.07.23"]
[Round "3.45"]
[White "Guthrie, David"]
[Black "Lim Chin Lee"]
[Result "0-1"]
[WhiteElo "2183"]
[BlackElo "2119"]
[PlyCount "66"]
[EventDate "2003.07.21"]
[EventType "swiss"]
[EventRounds "11"]
[EventCountry "GBR"]
[SourceTitle "BritBase"]
[Source "John Saunders"]
[SourceDate "2008.07.14"]
[SourceVersion "1"]
[SourceVersionDate "2008.07.14"]
[SourceQuality "2"]

1. d4 Nf6 2. c4 e6 3. Nc3 d5 4. Bg5 Be7 5. e3 h6 6. Bh4 O-O 7. Nf3 b6 8. Bd3
dxc4 9. Bxc4 Bb7 10. O-O Nbd7 11. Qe2 Ne4 12. Nxe4 Bxh4 13. Nc3 Bf6 14. Rfd1 c6
15. e4 Qc7 16. e5 Be7 17. Qe4 Rfd8 18. Qg4 c5 19. d5 Nxe5 20. Nxe5 Qxe5 21.
dxe6 fxe6 22. Re1 Qg5 23. Qxe6+ Kh8 24. Ne4 Bxe4 25. Qxe4 Qh4 26. f4 Qf6 27.
Rad1 Rxd1 28. Rxd1 Rf8 29. g3 Bd6 30. Rd5 Qe7 31. Qg6 Rf6 32. Qg4 Qe3+ 33. Kh1
Qe4+ 0-1

[Event "GBR-ch90"]
[Site "Edinburgh"]
[Date "2003.07.23"]
[Round "3.46"]
[White "Kafka, Graeme"]
[Black "Gilbert, Jessie L"]
[Result "1/2-1/2"]
[WhiteElo "2170"]
[BlackElo "2109"]
[PlyCount "29"]
[EventDate "2003.07.21"]
[EventType "swiss"]
[EventRounds "11"]
[EventCountry "GBR"]
[SourceTitle "BritBase"]
[Source "John Saunders"]
[SourceDate "2008.07.14"]
[SourceVersion "1"]
[SourceVersionDate "2008.07.14"]
[SourceQuality "2"]

1. e4 c5 2. Nf3 Nc6 3. d4 cxd4 4. Nxd4 g6 5. c4 Nf6 6. Nc3 d6 7. Be2 Nxd4 8.
Qxd4 Bg7 9. Be3 O-O 10. Qd1 Qa5 11. O-O Be6 12. f3 Rfc8 13. Nd5 Nxd5 14. cxd5
Bd7 15. Qb3 1/2-1/2

[Event "GBR-ch90"]
[Site "Edinburgh"]
[Date "2003.07.23"]
[Round "3.47"]
[White "Rutherford, Elaine"]
[Black "Walton, Alan J"]
[Result "1/2-1/2"]
[WhiteElo "2061"]
[BlackElo "2158"]
[PlyCount "82"]
[EventDate "2003.07.21"]
[EventType "swiss"]
[EventRounds "11"]
[EventCountry "GBR"]
[SourceTitle "BritBase"]
[Source "John Saunders"]
[SourceDate "2008.07.14"]
[SourceVersion "1"]
[SourceVersionDate "2008.07.14"]
[SourceQuality "2"]

1. e4 e6 2. d4 d5 3. Nd2 Nf6 4. e5 Nfd7 5. c3 c5 6. Bd3 Nc6 7. Ne2 cxd4 8. cxd4
Qb6 9. Nf3 f6 10. exf6 Nxf6 11. O-O Bd6 12. Re1 O-O 13. a3 e5 14. dxe5 Ng4 15.
Ned4 Nxd4 16. Nxd4 Bxe5 17. Rxe5 Nxe5 18. Bxh7+ Kxh7 19. Qh5+ Kg8 20. Qxe5 Be6
21. Be3 Rae8 22. Nf3 Qb5 23. Bd4 Qd7 24. Qg3 Bf5 25. h3 Re6 26. Nh4 Re4 27. Rc1
Rf7 28. Be5 Qe6 29. f4 d4 30. Nf3 d3 31. Kh2 Re2 32. Nd4 Qd7 33. Nxe2 dxe2 34.
Qe3 Qd1 35. Bc3 Rd7 36. Qe8+ Kh7 37. Qh5+ Kg8 38. Qe8+ Kh7 39. Qh5+ Kg8 40.
Qxf5 Qxc1 41. Qxd7 Qxf4+ 1/2-1/2

[Event "GBR-ch90"]
[Site "Edinburgh"]
[Date "2003.07.24"]
[Round "4.3"]
[White "Sundararajan, Kidambi"]
[Black "Rowson, Jonathan"]
[Result "1/2-1/2"]
[WhiteElo "2442"]
[BlackElo "2536"]
[PlyCount "116"]
[EventDate "2003.07.21"]
[EventType "swiss"]
[EventRounds "11"]
[EventCountry "GBR"]
[SourceTitle "BritBase"]
[Source "John Saunders"]
[SourceDate "2008.07.14"]
[SourceVersion "1"]
[SourceVersionDate "2008.07.14"]
[SourceQuality "2"]

1. Nf3 Nf6 2. c4 g6 3. Nc3 d5 4. cxd5 Nxd5 5. Qa4+ Bd7 6. Qh4 Nxc3 7. dxc3 Nc6
8. e4 e5 9. Bg5 Be7 10. Bc4 h5 11. Bxe7 Qxe7 12. O-O-O Qxh4 13. Nxh4 Rd8 14.
Rd2 Ke7 15. Bd5 Be8 16. g3 Na5 17. b4 c6 18. Bxf7 Bxf7 19. bxa5 Rxd2 20. Kxd2
Rd8+ 21. Kc2 Kf6 22. f4 Bxa2 23. Nf3 exf4 24. gxf4 Kg7 25. Rg1 Kh7 26. Ne5 Rd6
27. c4 Rd4 28. Re1 c5 29. Kc3 b5 30. cxb5 Rb4 31. Ra1 Be6 32. b6 axb6 33. a6
Rxe4 34. a7 Bd5 35. a8=Q Bxa8 36. Ra7+ Kg8 37. Rxa8+ Kg7 38. Rb8 Rxf4 39. Rxb6
Rf6 40. Rb7+ Kh6 41. Nf7+ Kg7 42. Ng5+ Kg8 43. Kd3 Rf2 44. h4 c4+ 45. Ke3 Rh2
46. Nf3 Rg2 47. Kf4 c3 48. Rc7 c2 49. Ke5 Re2+ 50. Kd5 Rf2 51. Ne5 Rf4 52. Ke6
Rxh4 53. Nxg6 Ra4 54. Kf6 Ra6+ 55. Kg5 Ra7 56. Rxc2 Kg7 57. Nh4 Kf7 58. Nf3 Kg8
1/2-1/2

[Event "GBR-ch90"]
[Site "Edinburgh"]
[Date "2003.07.24"]
[Round "4.5"]
[White "Arakhamia-Grant, Ketevan"]
[Black "Motwani, Paul"]
[Result "1/2-1/2"]
[WhiteElo "2408"]
[BlackElo "2525"]
[PlyCount "69"]
[EventDate "2003.07.21"]
[EventType "swiss"]
[EventRounds "11"]
[EventCountry "GBR"]
[SourceTitle "BritBase"]
[Source "John Saunders"]
[SourceDate "2008.07.14"]
[SourceVersion "1"]
[SourceVersionDate "2008.07.14"]
[SourceQuality "2"]

1. e4 c6 2. d4 d5 3. Nd2 dxe4 4. Nxe4 Nf6 5. Nxf6+ gxf6 6. c3 Bf5 7. Nf3 e6 8.
g3 Nd7 9. Bg2 Bg7 10. Nh4 Bg6 11. O-O O-O 12. Re1 Re8 13. b4 Rc8 14. a4 f5 15.
a5 Bf6 16. Nf3 Bh5 17. Qb3 e5 18. Nxe5 Nxe5 19. dxe5 Bxe5 20. Be3 Qf6 21. Rac1
f4 22. Bxa7 Bxc3 23. Rxe8+ Rxe8 24. Qxc3 Qxc3 25. Rxc3 Re1+ 26. Bf1 Be2 27.
gxf4 Bxf1 28. f3 Bb5+ 29. Kf2 Re2+ 30. Kg3 f6 31. f5 Kf7 32. Bc5 Rd2 33. h3 Rd5
34. Re3 Re5 35. Kf4 1/2-1/2

[Event "GBR-ch90"]
[Site "Edinburgh"]
[Date "2003.07.24"]
[Round "4.6"]
[White "Rahman, Ziaur"]
[Black "Rudd, Jack"]
[Result "1-0"]
[WhiteElo "2521"]
[BlackElo "2219"]
[PlyCount "63"]
[EventDate "2003.07.21"]
[EventType "swiss"]
[EventRounds "11"]
[EventCountry "GBR"]
[SourceTitle "BritBase"]
[Source "John Saunders"]
[SourceDate "2008.07.14"]
[SourceVersion "1"]
[SourceVersionDate "2008.07.14"]
[SourceQuality "2"]

1. Nf3 Nf6 2. c4 e6 3. g3 d5 4. d4 c6 5. Nbd2 Bd6 6. Bg2 O-O 7. O-O Nbd7 8. Qc2
Re8 9. e4 dxe4 10. Ng5 e5 11. Ndxe4 Nxe4 12. Nxe4 Bb8 13. Rd1 exd4 14. Rxd4 Qe7
15. Bg5 f6 16. Be3 Ne5 17. c5 Bf5 18. Re1 Bc7 19. h3 Rad8 20. f4 Rxd4 21. Bxd4
Rd8 22. Qc3 Qd7 23. Nd6 Bxd6 24. cxd6 Nf7 25. Bxa7 Bxh3 26. Bb6 Ra8 27. Bxh3
Qxh3 28. Qb3 Kh8 29. Qxf7 Qxg3+ 30. Kf1 Qxf4+ 31. Bf2 Qxd6 32. Re8+ 1-0